000 00316 a2200157 4500
001 178582
020 _a
040 _cMagnum
100 _aBraido, Eunice
240 1 0 _aO canguru campeao
_lpor
245 1 0 _aO canguru campeao
362 0 _a1899
440 1 _aFTD
697 _aMAGNITO: I/ANIMAIS
942 _cBK
999 _c178582
_d178582